Masštabnovremennyje preobrazovateli impuľsnych signalov.

Uložené v:
Podrobná bibliografia
Hlavný autor: Petrenko, A. I.
Médium: Kniha
Jazyk:Slovak
Vydané: 1965.
Tagy: Pridať tag
Žiadne tagy, Buďte prvý kto otaguje tento záznam!

MARC

LEADER 00000nam a22000004a 4500
001 000538021
005 20170426153508.0
008 170426s1965 xo e 000 0 slo d
040 |a SVKKK  |b slo  |c SVKKK  |e AACR2 
100 1 |a Petrenko, A. I. 
245 1 0 |a Masštabnovremennyje preobrazovateli impuľsnych signalov. 
260 |c 1965. 
500 |a Záznam revízie 
910 |a svkkk 
998 |a BK 
090 |g SCKHL  |k Sklad Pribinova prízemie  |a I0.1703  |j 026145  |i 2720468006  |s Absenčne